Applied multivariate statistical analysis

Gespeichert in:
Bibliographische Detailangaben
1. Verfasser: Johnson, Richard A.
Weitere Verfasser: Wichern, Dean W.
Format: Buch
Sprache:Englisch
Veröffentlicht: Upper Saddle River Pearson Prentice Hall 2007
Schriftenreihe:Pearson international edition
Schlagworte:
Tags: Tag hinzufügen
Keine Tags, Fügen Sie das erste Tag hinzu!

MARC

LEADER 00000nam$a2200000$$$4500
001 0068305
005 20240306135533.8
020 |a 978-0-13-514350-6 
020 |a 0-13-514350-0 
041 0 |a eng 
044 |a US 
245 1 0 |a Applied multivariate statistical analysis  |c Richard A. Johnson, Dean W. Wichern 
264 1 |a Upper Saddle River  |b Pearson Prentice Hall  |c 2007 
300 |a xviii, 773 s. 
490 1 |a Pearson international edition 
830 0 |a Pearson international edition 
610 2 0 |a analýza štatistická viacrozmerná 
610 2 0 |a analýza štatistická 
610 2 0 |a metódy matematicko-štatistické 
100 1 |a Johnson, Richard A. 
700 1 |a Wichern, Dean W.